zpět

Detail výsledku týmu

Bartolomějka, Kolín

Datum a čas kvízu

27 Celkem bodů Celkový počet nahraných bodů na tomto kvízu bez doplňovacích otázek.
5. Pořadí na kvízu Konečné umístění týmu na tomto kvízu.

Zaznamenané odpovědi

# Otázka Odpověď Body Výsledky
1. „Já v pondělí předložím návrh... 6 000 Kč 1
2. V kalifornském Údolí smrti byl... 54 °C 0
3. Ve čtvrtek byl českým divákům... Agnieszka Hollandová 0
4. Tradiční český výrobce kečupů... OTMA 0
5. Jeden český hokejový klub zmod... Dynamo Pardubice 1
6. Začneme u nás, konkrétně drama... Kat a blázen 0
7. Jak se jmenují tři sestry ve s... C 1
8. William Shakespeare pochopitel... Oscar Wilde 0
9. Nyní se podíváme na divadlo ja... provaziště 0
10. Jak se jmenuje veleúspěšná hra... Hrdý Budžes 0